| 000 | 00553nam a22001817a 4500 | ||
|---|---|---|---|
| 003 | OSt | ||
| 005 | 20251202124733.0 | ||
| 008 | 251202b |||||||| |||| 00| 0 eng d | ||
| 020 | _a 978-971-27-2476-3. | ||
| 040 |
_aDWCL-Admin lib _cOC |
||
| 082 | _aFil. 899.2103 M624s 2010 | ||
| 100 | _aMiclat, Mario I. | ||
| 245 |
_a Secrets of the eighteen mansions / _cMario I. Miclat |
||
| 260 |
_aMandaluyong City : _bAnvil Pub. Inc. , _cc2010 |
||
| 300 |
_a351 p. ; _c21 cm. |
||
| 650 | _a1. Philippine fiction ( English). | ||
| 942 |
_2ddc _cBK-FIL _kFil. _n0 |
||
| 999 |
_c6706 _d6706 |
||